Normale Ansicht MARC-Ansicht ISBD

Das Ostpakt-System / (Titelsatznr. 49740)

[ MARC ]
MARC-Details
000 -Satzkennung
Kontrollfeld mit fester Länge 00634nam a22002051c 4500
001 - Kontrollnummer
Kontrollfeld a987689455
008 - Feld mit fester Länge zur physischen Beschreibung - Allgemeine Angaben
Kontrollfeld mit fester Länge 180518s1955 gw |||| 000u ger d
041 ## - Sprachcode
Sprachcode des Textes/der Tonspur oder des separaten Titels ger
040 ## - Katalogisierungsquelle
Übertragungsstelle RU-10907106
003 - Kontrollnummer Identifier
Kontrollfeld RU-10907106
100 1# - Haupteintragung - Personenname
Personenname Meissner, Boris
245 04 - Titel
Titel Das Ostpakt-System /
Verfasserangabe etc. Dokumentsammlung von Boris Meissner
250 ## - Ausgabebezeichnung
Ausgabebezeichnung [Erw. u. umgearb. Neuaufl.]
264 ## - Produktion, Veröffentlichung, Distribution, Herstellung und Urheberrechtsvermerk
Herstellungs-, Veröffentlichungs- Vertriebs-, Erzeugungsort Frankfurt am Main :
Produzent, Herausgeber, Distributor, Hersteller Metzner,
Datum der Herstellung, der Veröffentlichung, des Vertriebs oder des Urheberschutzvermerks 1955
300 ## - Physische Beschreibung
Umfang 208 Seiten
490 #0 - Gesamttitelangabe
Gesamttitelangabe Dokumente / Hrsg. v. d. Forschungsstelle für Völkerrecht u. Ausländ. Öffentl. Recht der Univ. Hamburg
Bandnummer/Folgebezeichnung 18
650 #0 - Nebeneintragung unter einem Schlagwort - Sachschlagwort
Sachschlagwort oder geografischer Name als Eintragungselement Warschauer Pakt
651 #0 - Nebeneintragung unter einem Schlagwort - Geografischer Name
Geografischer Name Ostblock
942 ## - Zusätzliche Felder (Koha)
Koha-Medientyp Monographien
Exemplare
Ausgeschieden Verloren Klassifikation oder Aufstellungssystematik Beschädigt Nicht entleihbar Heimatbibliothek Aufenthaltsbibliothek Aufstellungsort Erwerbungsdatum Inventarnummer Signatur Barcode Letzte Aktivität Preis gültig von Koha-Medientyp
    Andere/Generische Klassifikation     MWN Osteuropa MWN Osteuropa Lesesaal - 1 18/05/2018 18-00869 Ersatzß W 64 F c Mei E0040150790E740C 23/02/2021 22/03/2021 Monographien